| 000 | 01483nam a2200373 a 4500 | ||
|---|---|---|---|
| 001 | 0000400 | ||
| 003 | DO-SdBNP | ||
| 005 | 20180309141001.0 | ||
| 007 | 0000400 | ||
| 008 | 091125s2014 dr a 000 0 spa d | ||
| 020 | _a9789945118544 | ||
| 040 |
_aBPMSU _bspa _cBPMSU |
||
| 092 |
_a 373.54 _bS456q, 2do. 2014 |
||
| 100 | 1 | _aSegura de Óleo, Angela | |
| 245 | 0 | 0 |
_aQuímica 3: _beducación media / _cAngela Segura de Óleo ; dirección editorial Obdulia García de Escobar ; ilustración Ruddy Núñez |
| 260 |
_aSanto Domingo : _bSantillana, _c2014. |
||
| 300 |
_a2v. : _bil. ; _c28 cm. |
||
| 490 | 1 | _aInnova | |
| 500 | _aLa biblioteca posee libro texto y guía | ||
| 500 | _a2do. grado/2do. ciclo | ||
| 505 | 0 |
_tIntroducción a la química orgánica -- _tLos hidrocarburos -- _tAlcoholes, fenoles y éteres -- _tLos ácidos carboxílicos y sus derivados -- _tHaluros orgánicos y compuestos nitrogenados -- _tLos polímeros sintéticos -- _tLas biomoléculas -- |
|
| 650 |
_aQUÍMICA _xENSEÑANZA SECUNDARIA |
||
| 650 |
_aQUÍMICA _xEDUCACIÓN SECUNDARIA |
||
| 650 |
_aEDUCACIÓN SECUNDARIA _zREPÚBLICA DOMINICANA |
||
| 650 |
_aQUÍMICA _xLIBROS DE TEXTOS |
||
| 650 |
_aQUÍMICA _xESTUDIOS Y EJERCICIOS |
||
| 700 | 1 |
_aGarcía de Escobar, Obdulia _eed. |
|
| 700 | 1 |
_aNúñez, Ruddy _eil. |
|
| 830 | 0 | _aInnova | |
| 910 | _aValidado. Control de caliddad MFF | ||
| 942 |
_2ddc _cBK |
||
| 945 | _aRemanejado para la BNPHU / 2018 BT | ||
| 956 |
_aYngrid Lockward _b10 |
||
| 999 |
_c10316 _d10316 |
||